Places beginning with W - Statistics

General Stats
  • This quiz has been taken 63 times
    22 since last reset
  • The average score is 11 of 17
Answer Stats
Type Country Place % Correct
Country* United Kingdom Wales
100%
State United States West Virginia
94%
State United States Wyoming
94%
State United States Washington
89%
City United States Washington, D.C.
89%
City Poland Warsaw
83%
State Australia Western Australia
83%
State United States Wisconsin
83%
City New Zealand Wellington
78%
City China Wuhan
78%
City Poland Wroclaw
50%
County Ireland Waterford
39%
City** United Kingdom Westminster
39%
County Ireland Wexford
39%
Province South Africa Western Cape
33%
County Ireland Westmeath
33%
County Ireland Wicklow
28%
No matching quizzes found
Score Distribution
Percent of People with Each Score
Percentile by Number Answered
Your Score History
You have not taken this quiz since the last reset